[Event "Bremen-ch op"]
[Site "Bremen"]
[Date "2014.04.19"]
[Round "9"]
[White "Rockmann Buchterkirche, Claas"]
[Black "Lindemann, Ewald"]
[Result "1-0"]
[WhiteElo "1717"]
[BlackElo "1323"]
[PlyCount "52"]
[EventDate "2014.04.14"]
[EventType "swiss"]
[EventRounds "9"]
[EventCountry "GER"]
[SourceTitle "EXT 2018"]
[Source "ChessBase"]
[SourceDate "2017.10.13"]
[SourceVersion "1"]
[SourceVersionDate "2017.10.13"]
[SourceQuality "1"]

1. e4 d5 2. exd5 Qxd5 3. Nc3 Qd8 4. d4 Nf6 5. Bc4 c6 6. Be3 Nd5 7. Qf3 e6 8. Nge2 Bb4 9. Bxd5 cxd5 10. a3 Be7 11. Qg3 Bf6 12. 0-0 Bd7 13. Bf4 Na6 14. Be5 Bxe5 15. dxe5 0-0 16. Nf4 Kh8 17. Nh5 Rg8 18. f4 Qb6+ 19. Kh1 Qxb2 20. Ra2 Qb6 21. a4 Rac8 22. Rb1 Qc7 23. Nb5 Bxb5 24. axb5 Nc5 25. Qa3 Ne4 26. Re1 Qc3 1-0

[Event "Bremen-ch op"]
[Site "Bremen"]
[Date "2014.04.17"]
[Round "7"]
[White "Schwenke, Stefan"]
[Black "Lindemann, Ewald"]
[Result "1-0"]
[WhiteElo "1780"]
[BlackElo "1323"]
[PlyCount "120"]
[EventDate "2014.04.14"]
[EventType "swiss"]
[EventRounds "9"]
[EventCountry "GER"]
[SourceTitle "EXT 2018"]
[Source "ChessBase"]
[SourceDate "2017.10.13"]
[SourceVersion "1"]
[SourceVersionDate "2017.10.13"]
[SourceQuality "1"]

1. e4 d5 2. exd5 Qxd5 3. Nc3 Qd8 4. d4 Nf6 5. Bf4 c6 6. Nf3 e6 7. a3 Be7 8. Bd3 Nd5 9. Qd2 Nxf4 10. Qxf4 Nd7 11. Ne5 Nf6 12. Ne4 h6 13. h4 Rf8 14. 0-0-0 Nxe4 15. Bxe4 g5 16. Qf3 gxh4 17. Nxc6 Bg5+ 18. Kb1 Qf6 19. Ne5 Qxf3 20. Nxf3 Rg8 21. Nxh4 Rb8 22. g3 f5 23. Bd3 Bd7 24. Rde1 Kf7 25. Nxf5 exf5 26. Bc4+ Kf6 27. Bxg8 Rxg8 28. f4 Bc6 29. fxg5+ Kxg5 30. Rhf1 Be4 31. Rf4 Re8 32. Kc1 b5 33. Kd2 Rd8 34. Rfxe4 fxe4 35. Rxe4 a6 36. c3 Rd5 37. Ke3 Rd6 38. Kf3 Rf6+ 39. Kg2 Rf5 40. b3 Rd5 41. Re6 a5 42. Rc6 b4 43. axb4 axb4 44. Kf3 bxc3 45. Ke4 Rb5 46. Rxc3 Kg4 47. d5 Rb8 48. d6 Re8+ 49. Kd5 Rd8 50. Ke6 Re8+ 51. Kf7 Rd8 52. Ke7 Rg8 53. d7 Rg7+ 54. Ke8 Rg8+ 55. Kf7 Rh8 56. Rc8 Rh7+ 57. Ke6 Rxd7 58. Kxd7 Kxg3 59. b4 h5 60. b5 h4 1-0

[Event "Bremen-ch op"]
[Site "Bremen"]
[Date "2014.04.16"]
[Round "4"]
[White "Lindemann, Ewald"]
[Black "Dehning Busse, Karsten"]
[Result "1/2-1/2"]
[WhiteElo "1323"]
[BlackElo "1822"]
[PlyCount "58"]
[EventDate "2014.04.14"]
[EventType "swiss"]
[EventRounds "9"]
[EventCountry "GER"]
[SourceTitle "EXT 2018"]
[Source "ChessBase"]
[SourceDate "2017.10.13"]
[SourceVersion "1"]
[SourceVersionDate "2017.10.13"]
[SourceQuality "1"]

1. d4 g6 2. Nf3 Bg7 3. Bf4 d6 4. e3 c5 5. c3 cxd4 6. exd4 Nf6 7. Nbd2 0-0 8. Bc4 b6 9. 0-0 Ba6 10. Qe2 Bxc4 11. Qxc4 Nbd7 12. Rfe1 Rc8 13. Qb3 d5 14. Re2 e6 15. Qa4 Nb8 16. Ne5 Nh5 17. Be3 Bxe5 18. dxe5 Nd7 19. Bh6 Re8 20. g4 Ng7 21. Re3 Nc5 22. Qf4 Nd7 23. Rh3 Nf5 24. gxf5 exf5 25. Qh4 f6 26. exf6 Nxf6 27. Qg5 Kf7 28. Re3 Ne4 29. Qxd8 Rcxd8 1/2-1/2